Anuario estadístico de la República de Chile año 1920

保存先:
書誌詳細
団体著者: Oficina Central de Estadística (著者)
フォーマット: 図書
言語:スペイン語
出版事項: Santiago Universo 1922
主題:
タグ: タグ追加
タグなし, このレコードへの初めてのタグを付けませんか!

MARC

LEADER 00000nam a2200000 a 4500
001 UCO4173
003 CL-VaPUC
008 000728e19220000CL |||||||||||||||||spa|d
082 0 4 |a 310.983  |b OFI  |2 21 
110 2 |a Oficina Central de Estadística  |e author  |9 448369 
245 1 0 |a Anuario estadístico de la República de Chile año 1920 
300 |a v 
942 |c BK 
945 |d 20000728 00:00:00  |a crobeson 
260 |a Santiago  |b Universo  |c 1922 
500 |a v.2: beneficencia, medicina e higiene 
500 |a v.9: industria manufacturera 
650 0 |a Estadísticas  |9 258644 
650 0 |a Demografía   |9 260008 
650 0 |a Beneficencia  |9 255180 
650 0 |a Salud  |9 258663 
650 7 |a INDUSTRIA  |2 CL-VaPUC  |9 315110 
651 7 |a CHILE  |2 CL-VaPUC  |9 448370 
583 |a last modification  |c 20000728 00:00:00  |k Rodrigo Vera 
999 |c 290241  |d 290239 
952 |0 0  |1 0  |4 0  |6 310_983000000000000_OFI_1922  |7 0  |8 X  |9 339563  |a BIBHIS  |b BIBHIS  |d 2019-11-20  |h v.2  |i 1211501  |o 310.983 OFI 1922  |p 1211501  |r 2024-01-30  |w 2019-11-20  |y BK_X  |k HIS 
952 |0 0  |1 0  |4 0  |6 310_983000000000000_OFI_1922  |7 0  |8 X  |9 339564  |a BIBHIS  |b BIBHIS  |d 2019-11-20  |h v.9  |i 121151K  |l 1  |o 310.983 OFI 1922  |p 121151K  |r 2024-01-30  |s 2023-04-28  |w 2019-11-20  |y BK_X  |k HIS